Dogs in Athenian Sculpture and Vase Painting of the Archaic and Classical Periods
محفوظ في:
المؤلف الرئيسي:
التنسيق: كتاب
منشور في:
Oxford
Archaeopress Publishing Ltd
2025
الوسوم: إضافة وسم
لا توجد وسوم, كن أول من يضع وسما على هذه التسجيلة!
رقم الطلب:
| LEADER | 00672namaa2200169 4500 | ||
|---|---|---|---|
| 001 | 9781803279978 | ||
| 003 | UkOxAP | ||
| 005 | 20260405155017.0 | ||
| 020 | |a 9781803279985 | ||
| 776 | 1 | |x 9781803279978 | |
| 245 | 0 | 0 | |a Dogs in Athenian Sculpture and Vase Painting of the Archaic and Classical Periods |
| 100 | 1 | |a Margariti, Katia |e Author |l English | |
| 856 | 4 | 2 | |a http://library.arce.org:8087/Archaeopress/Products/9781803279985 |
| 260 | |a Oxford |b Archaeopress Publishing Ltd |c 2025 | ||
| 270 | |a Archaeopress Publishing Ltd, Summertown Pavillion, 18 -24 Middle Way, Summertown |b Oxford |d United Kingdom |e OX2 7LG |k 44-1865-311914 |m info@archaeopress.com | ||
| 942 | |2 lcc |c EBOOK | ||
| 999 | |c 62096 |d 62096 | ||
